| 000 | 00737nam a2200157 a 4500 | ||
|---|---|---|---|
| 008 | 220303s2017 ||||||||||||||||| || u | ||
| 050 | _aCBU-PD THESIS/NDH | ||
| 100 | _aNdhlovu, Pelatie Mukeshimana | ||
| 245 | 1 | 0 |
_aImpact of Development Induced displacement on Social Capital : A case of Mufuchani Bridge in Kitwe, Zambia _cBy Pelatie Mukeshimana Ndhlovu |
| 260 |
_aKitwe _bCopperbelt University _c2017 |
||
| 300 | _axii, 95 pages : illustrations | ||
| 650 | _aDEVELOPMENT IN MUFUCHANI BRIDGE KITWE, ZAMBIA | ||
| 650 | _aSOCIAL CAPITAL - MUFUCHANI BRIDGE | ||
| 650 | _aMUFUCHANI BRIDGE KITWE | ||
| 995 |
_FCBU-MAIN LIBRARY (Kitwe) _M1 _UAVAILABLE _WJun 21, 2022 _ZUniversity Collection |
||
| 999 |
_c46250 _d46250 |
||